[Event "22nd European Teams"]
[Site "Batumi GEO"]
[Date "2019.11.02"]
[Round "9.5"]
[Board "3"]
[White "Bauer, Christian"]
[Black "Stocek, Jiri"]
[Result "1/2-1/2"]
[WhiteTitle "GM"]
[BlackTitle "GM"]
[WhiteElo "2606"]
[BlackElo "2569"]
[WhiteTeam "France"]
[BlackTeam "Czech Republic"]
[WhiteFideId "603767"]
[BlackFideId "304760"]
[EventDate "2019.10.24"]

1. d4 Nf6 2. Nf3 e6 3. Bf4 b6 4. e3 Bb7 5. Bd3 Nh5 6. Bg5 Be7 7. Bxe7 Qxe7 8.
Nbd2 c5 9. c3 O-O 10. O-O Ba6 11. Bxa6 Nxa6 12. Qa4 Nb8 13. Rfd1 Nf6 14. e4 Nc6
15. e5 Nd5 16. dxc5 bxc5 17. Ne4 f5 18. exf6 Nxf6 19. Nxf6+ Rxf6 20. Rd3 Rc8 21.
Re1 h6 22. h3 Rc7 23. a3 a5 24. Nh2 Qf8 25. Ng4 Rf7 26. Rg3 Kh8 27. Qe4 Rf5 28.
Rd1 Rf4 29. Qe2 Rb7 30. Rgd3 Rf7 31. R1d2 Qb8 32. Rg3 a4 33. Re3 Kg8 34. Re4 Rf4
35. g3 Rxe4 36. Qxe4 h5 37. Ne3 Ne5 38. f4 Nf7 39. Qg6 h4 40. Ng4 Kf8 41. gxh4
Rxb2 42. Rxd7 Qxf4 43. Qd3 Qc1+ 44. Qf1 Qxf1+ 45. Kxf1 Rb3 46. Ra7 Rxa3 47. Ra8+
Ke7 48. Ra7+ Ke8 49. Ra8+ Ke7 50. Ra7+ Ke8 51. Ra8+ Nd8 52. Kg2 Rxc3 53. Rxa4
Rd3 54. h5 Nf7 55. Ra6 Rd6 56. Ra7 Rd7 57. Ra6 Ke7 58. Rc6 Rd5 59. Rc7+ Ke8 60.
h6 Nxh6 61. Rxg7 Nxg4 62. hxg4 Rd7 63. Rg8+ Ke7 64. Kf3 Rd4 65. Rc8 c4 66. g5
Kf7 67. Rc6 e5 68. g6+ Kg7 69. Re6 c3 70. Rxe5 Rc4 71. Re1 Kxg6 72. Ke3 Rc8 1/2-1/2

[Event "22nd European Teams"]
[Site "Batumi GEO"]
[Date "2019.11.02"]
[Round "9.5"]
[Board "4"]
[White "Michalik, Peter"]
[Black "Gharamian, Tigran"]
[Result "1/2-1/2"]
[WhiteTitle "GM"]
[BlackTitle "GM"]
[WhiteElo "2578"]
[BlackElo "2590"]
[WhiteTeam "Czech Republic"]
[BlackTeam "France"]
[WhiteFideId "14907526"]
[BlackFideId "13301527"]
[EventDate "2019.10.24"]

1. d4 d5 2. c4 e6 3. Nf3 Nf6 4. g3 Be7 5. Bg2 O-O 6. O-O dxc4 7. Qc2 c6 8. Qxc4
b5 9. Qb3 Bb7 10. Rd1 Nbd7 11. Nc3 a5 12. Ne5 a4 13. Qc2 Nxe5 14. dxe5 Nd5 15.
Ne4 c5 16. Bf4 Qb6 17. Ng5 g6 18. Bd2 a3 19. b3 Rac8 20. Ne4 Rfd8 21. Rac1 Nb4
22. Qb1 Bxe4 23. Bxe4 Nc6 24. Bf4 Qc7 25. Rxd8+ Rxd8 26. Rd1 Rxd1+ 27. Qxd1 Nxe5
28. b4 cxb4 29. Bc2 Bd6 30. Bxe5 Bxe5 31. Bb3 h5 32. Qc2 Qc3 33. Kg2 Kg7 34. h4
Bf6 35. e3 Qb2 36. Kf3 Qc3 37. Kg2 Qa1 38. Qe2 Qb2 39. Qc2 Qe5 40. Qd3 Qc5 41.
Qc2 Bc3 42. Qe4 Qd6 43. Kf1 Qd7 44. Kg2 Kf8 45. Kf1 Ke7 46. Kg2 Kf8 47. Kf1 Kg7
48. Kg2 Qd8 49. Kf1 Qf6 50. Qf4 Qxf4 51. exf4 Kf6 52. Ke2 Bd4 53. Kf3 Ke7 54.
Ke2 Kd6 55. Kf3 Kc5 56. Ke2 Bb2 57. Kd3 Bc3 58. Ke3 Bd4+ 59. Ke2 Kc6 60. Kf3 Kc5 1/2-1/2

[Event "22nd European Teams"]
[Site "Batumi GEO"]
[Date "2019.11.02"]
[Round "9.6"]
[Board "1"]
[White "Lenic, Luka"]
[Black "Naiditsch, Arkadij"]
[Result "1/2-1/2"]
[WhiteTitle "GM"]
[BlackTitle "GM"]
[WhiteElo "2644"]
[BlackElo "2643"]
[WhiteTeam "Slovenia"]
[BlackTeam "Azerbaijan"]
[WhiteFideId "14603853"]
[BlackFideId "4650891"]
[EventDate "2019.10.24"]

1. d4 Nf6 2. c4 e6 3. g3 d5 4. Bg2 Be7 5. Nf3 O-O 6. O-O dxc4 7. Ne5 Nc6 8. Bxc6
bxc6 9. Nxc6 Qe8 10. Nxe7+ Qxe7 11. Qa4 e5 12. dxe5 Qxe5 13. Qxc4 Be6 14. Qc2
Bf5 15. Qd2 Bh3 16. Re1 Rad8 17. Qc3 Qd5 18. f3 Rfe8 19. Na3 Qb7 20. Qb3 Qa6 21.
Qb5 Qe6 22. Qb3 Qa6 23. Qb5 Qe6 24. Qb3 Qa6 25. Qb5 1/2-1/2

[Event "22nd European Teams"]
[Site "Batumi GEO"]
[Date "2019.11.02"]
[Round "9.6"]
[Board "2"]
[White "Mamedov, Rauf"]
[Black "Sebenik, Matej"]
[Result "1-0"]
[WhiteTitle "GM"]
[BlackTitle "GM"]
[WhiteElo "2645"]
[BlackElo "2519"]
[WhiteTeam "Azerbaijan"]
[BlackTeam "Slovenia"]
[WhiteFideId "13401653"]
[BlackFideId "14602296"]
[EventDate "2019.10.24"]

1. e4 c5 2. Nc3 g6 3. g3 Bg7 4. Bg2 Nc6 5. d3 d6 6. Nf3 e5 7. a3 Nge7 8. b4 Nd4
9. Nd2 Be6 10. O-O Rc8 11. Bb2 O-O 12. Nd5 cxb4 13. Bxd4 exd4 14. axb4 a6 15.
Nc4 Nc6 16. Ncb6 Bxd5 17. Nxd5 Ne7 18. Nf4 Nc6 19. Qb1 Na7 20. Nd5 Nb5 21. Qb3
Nc3 22. h4 Nxd5 23. Qxd5 Qe7 24. Ra2 Rc7 25. f4 Qe6 26. Qxe6 fxe6 27. Bh3 Kf7
28. Rb1 Ra8 29. Kf2 Ke7 30. Ke2 e5 31. f5 Bh6 32. Rf1 Be3 33. c4 g5 34. f6+ Kf7
35. h5 g4 36. Bxg4 Rg8 37. Kf3 Kxf6 38. Bf5 Rcg7 39. g4 Rc7 40. Ra5 h6 41. Rd5
Rd8 42. c5 Rc6 43. Ke2 Bf4 44. Rxf4 exf4 45. e5+ Kg7 46. cxd6 b6 47. Kf3 1-0

[Event "22nd European Teams"]
[Site "Batumi GEO"]
[Date "2019.11.02"]
[Round "9.6"]
[Board "3"]
[White "Skoberne, Jure"]
[Black "Guseinov, Gadir"]
[Result "0-1"]
[WhiteTitle "GM"]
[BlackTitle "GM"]
[WhiteElo "2567"]
[BlackElo "2660"]
[WhiteTeam "Slovenia"]
[BlackTeam "Azerbaijan"]
[WhiteFideId "14604299"]
[BlackFideId "13401378"]
[EventDate "2019.10.24"]

1. e4 c5 2. c3 Nf6 3. e5 Nd5 4. Nf3 Nc6 5. Bc4 Nb6 6. Bb3 d5 7. exd6 Qxd6 8. O-O
Be6 9. Bxe6 Qxe6 10. a4 Qd7 11. a5 Nd5 12. a6 b6 13. d4 e6 14. Na3 cxd4 15. Nc4
f6 16. Nxd4 Nxd4 17. Qxd4 Bc5 18. Qd3 O-O 19. b4 Be7 20. Ne3 Rfd8 21. Nxd5 Qxd5
22. Qxd5 Rxd5 23. Be3 Kf7 24. Rfc1 Rd7 25. Kf1 e5 26. Ke2 Ke6 27. Rab1 Rc8 28.
c4 Rdc7 29. Kd3 e4+ 30. Kxe4 Rxc4+ 31. Rxc4 Rxc4+ 32. Kd3 Kd5 33. Rb3 Rxb4 34.
Rxb4 Bxb4 35. Bxb6 Bc5 36. Ba5 Bxf2 37. Bb4 f5 38. h3 g6 39. Ba3 Bg1 40. Bb4 Bf2
41. Ba3 Bg1 42. Bb4 Kc6 43. Kc4 Kb6 44. Kd5 Kxa6 45. Ke6 Kb5 46. Ba3 Bf2 47. Kf7
Bh4 48. Kg7 g5 0-1

[Event "22nd European Teams"]
[Site "Batumi GEO"]
[Date "2019.11.02"]
[Round "9.6"]
[Board "4"]
[White "Safarli, Eltaj"]
[Black "Subelj, Jan"]
[Result "1/2-1/2"]
[WhiteTitle "GM"]
[BlackTitle "FM"]
[WhiteElo "2593"]
[BlackElo "2398"]
[WhiteTeam "Azerbaijan"]
[BlackTeam "Slovenia"]
[WhiteFideId "13402129"]
[BlackFideId "14618583"]
[EventDate "2019.10.24"]

1. e4 e5 2. Nf3 Nc6 3. Bb5 g6 4. c3 a6 5. Ba4 d6 6. d4 Bd7 7. O-O Bg7 8. Re1 b5
9. Bb3 Nf6 10. Nbd2 O-O 11. h3 Re8 12. Bc2 Na5 13. Nf1 c5 14. Bg5 h6 15. Bh4 Nc4
16. Rb1 cxd4 17. cxd4 exd4 18. Nxd4 Qb6 19. Nf3 Bc6 20. N1d2 Nxd2 21. Nxd2 d5
22. e5 Ne4 23. Nxe4 dxe4 24. Bxe4 Bxe4 25. Rxe4 Rxe5 26. Rxe5 Bxe5 27. Qf3 Re8
28. b3 Qd4 29. Bg3 Bxg3 30. Qxg3 Re2 31. a3 a5 32. b4 a4 33. Rc1 h5 34. Rc8+ Kg7
35. Qc3 Qxc3 36. Rxc3 Rb2 37. Rc5 Rb3 1/2-1/2

[Event "22nd European Teams"]
[Site "Batumi GEO"]
[Date "2019.11.02"]
[Round "9.7"]
[Board "1"]
[White "Anton Guijarro, David"]
[Black "Grandelius, Nils"]
[Result "1/2-1/2"]
[WhiteTitle "GM"]
[BlackTitle "GM"]
[WhiteElo "2674"]
[BlackElo "2691"]
[WhiteTeam "Spain"]
[BlackTeam "Sweden"]
[WhiteFideId "2285525"]
[BlackFideId "1710400"]
[EventDate "2019.10.24"]

1. d4 Nf6 2. c4 e6 3. Nf3 d5 4. Nc3 Be7 5. Bg5 h6 6. Bxf6 Bxf6 7. e3 O-O 8. Rc1
dxc4 9. Bxc4 Nd7 10. O-O c5 11. Qe2 cxd4 12. exd4 Nb6 13. Bd3 g6 14. Rfd1 Bd7
15. Be4 Rb8 16. Ne5 Qe7 17. Qf3 Be8 18. g3 Bxe5 19. dxe5 Nc4 20. Qf4 Qg5 21. h4
Qxf4 22. gxf4 Nxb2 23. Rd4 Rc8 24. Bxb7 Rc7 25. Ba6 Na4 26. Rc4 Rxc4 27. Bxc4
Nxc3 28. Rxc3 Bd7 29. Ba6 Rb8 30. Rc7 Bb5 31. Rb7 Rxb7 1/2-1/2

[Event "22nd European Teams"]
[Site "Batumi GEO"]
[Date "2019.11.02"]
[Round "9.7"]
[Board "2"]
[White "Hillarp Persson, Tiger"]
[Black "Vallejo Pons, Francisco"]
[Result "0-1"]
[WhiteTitle "GM"]
[BlackTitle "GM"]
[WhiteElo "2550"]
[BlackElo "2694"]
[WhiteTeam "Sweden"]
[BlackTeam "Spain"]
[WhiteFideId "1700812"]
[BlackFideId "2205530"]
[EventDate "2019.10.24"]

1. Nf3 d5 2. g3 Nc6 3. d3 e5 4. a3 g6 5. b4 Bg7 6. Bb2 Nge7 7. Nbd2 a6 8. c4 O-O
9. cxd5 Nxd5 10. Rb1 Nd4 11. Bg2 c6 12. O-O Re8 13. h3 a5 14. bxa5 Qxa5 15. Nc4
Nxf3+ 16. exf3 Qc7 17. Re1 Bf5 18. Qb3 Rad8 19. Rbd1 b5 20. Ne3 Be6 21. Qc2 h5
22. Rc1 Ne7 23. Qc3 Qd7 24. f4 Bxh3 25. fxe5 Bxg2 26. Kxg2 Qxd3 27. Qxd3 Rxd3
28. Re2 Red8 29. f4 Rxe3 30. Rxe3 Rd2+ 31. Kh3 Rxb2 32. Rd3 Bf8 33. Rcc3 Ra2 34.
Rd7 Re2 35. Ra7 Rd2 36. a4 bxa4 37. Rxa4 Rd8 38. Ra6 Rc8 39. Rc5 Rd8 40. Kg2 Rb8
41. Rc3 Nd5 42. Rcxc6 Nb4 43. Rxg6+ fxg6 44. Rxg6+ Kf7 0-1

[Event "22nd European Teams"]
[Site "Batumi GEO"]
[Date "2019.11.02"]
[Round "9.7"]
[Board "3"]
[White "Shirov, Alexei"]
[Black "Westerberg, Jonathan"]
[Result "1-0"]
[WhiteTitle "GM"]
[BlackTitle "IM"]
[WhiteElo "2664"]
[BlackElo "2546"]
[WhiteTeam "Spain"]
[BlackTeam "Sweden"]
[WhiteFideId "2209390"]
[BlackFideId "1701754"]
[EventDate "2019.10.24"]

1. d4 d5 2. c4 c5 3. cxd5 Qxd5 4. Nf3 cxd4 5. Nc3 Qa5 6. Nxd4 Nf6 7. Bd2 e5 8.
Ndb5 Bb4 9. a3 Bxc3 10. Nd6+ Ke7 11. Bxc3 Qd5 12. Bb4 Nc6 13. Nxc8+ Ke6 14. g3
Qxh1 15. Qd6+ Kf5 16. Qd3+ e4 17. Nd6+ Kg6 18. Qb5 Ne7 19. Nc4 Nc6 20. Qxb7 Nxb4
21. Ne5+ Kf5 22. axb4 a5 23. Nxf7 Rhf8 24. Rc1 h6 25. Nd6+ Kg6 26. Rc7 Nh5 27.
f3 Kh7 28. Qxe4+ Kg8 29. Qd5+ Kh7 30. Qxh5 Rf6 31. Ne4 Rg6 32. Qf5 Ra6 33. h4 1-0

[Event "22nd European Teams"]
[Site "Batumi GEO"]
[Date "2019.11.02"]
[Round "9.7"]
[Board "4"]
[White "Blomqvist, Erik"]
[Black "Perez Candelario, Manuel"]
[Result "1/2-1/2"]
[WhiteTitle "GM"]
[BlackTitle "GM"]
[WhiteElo "2523"]
[BlackElo "2621"]
[WhiteTeam "Sweden"]
[BlackTeam "Spain"]
[WhiteFideId "1709437"]
[BlackFideId "2210622"]
[EventDate "2019.10.24"]

1. e4 e5 2. Nf3 Nc6 3. Bb5 a6 4. Ba4 Nf6 5. O-O Be7 6. Re1 b5 7. Bb3 d6 8. c3
O-O 9. d4 Bg4 10. d5 Na5 11. Bc2 c6 12. h3 Bc8 13. dxc6 Qc7 14. Nbd2 Qxc6 15.
Nf1 h6 16. Ng3 Re8 17. Nh4 Bf8 18. Nhf5 Be6 19. Qf3 Nh7 20. b3 Nb7 21. Bd2 Nc5
22. Rad1 Rad8 23. Bc1 a5 24. Rd2 a4 25. Qd1 Nf6 26. Nd4 exd4 27. cxd4 axb3 28.
axb3 Na6 29. d5 Bxd5 30. exd5 Rxe1+ 31. Qxe1 Re8 32. Qd1 Qb6 33. Bb2 Nd7 34. Re2
Rxe2 35. Qxe2 Nb4 36. Be4 Ne5 37. Kh2 Qc5 38. Ba3 Qc3 39. Qxb5 Nc2 40. Ne2 Qd2
41. Bc1 Qd1 42. Bxc2 Qxc2 43. Be3 g6 44. Nd4 Qe4 45. Nc6 h5 46. Qb8 h4 47. Bh6
Nd7 48. Qd8 Kh7 49. Be3 Bh6 50. Qxd7 Bf4+ 51. Bxf4 Qxf4+ 52. Kg1 Qc1+ 53. Kh2 1/2-1/2

[Event "22nd European Teams"]
[Site "Batumi GEO"]
[Date "2019.11.02"]
[Round "9.8"]
[Board "2"]
[White "L'Ami, Erwin"]
[Black "Cheparinov, Ivan"]
[Result "0-1"]
[WhiteTitle "GM"]
[BlackTitle "GM"]
[WhiteElo "2619"]
[BlackElo "2670"]
[WhiteTeam "Netherlands"]
[BlackTeam "Georgia"]
[WhiteFideId "1007998"]
[BlackFideId "2905540"]
[EventDate "2019.10.24"]

1. d4 Nf6 2. c4 g6 3. Nc3 d5 4. cxd5 Nxd5 5. e4 Nxc3 6. bxc3 Bg7 7. Nf3 c5 8.
Be3 Qa5 9. Qd2 O-O 10. Rc1 Bg4 11. Be2 Nd7 12. d5 b5 13. O-O Rad8 14. h3 Bxf3
15. Bxf3 c4 16. Qb2 Rb8 17. Qb4 Qxb4 18. cxb4 Ra8 19. Rc2 a5 20. Rb1 axb4 21.
Rxb4 Rfb8 22. Be2 Be5 23. f4 Bd6 24. Rb1 Bc5 25. Kf2 f6 26. h4 Kg7 27. Re1 Ra3
28. Bg4 f5 29. exf5 Rxe3 30. Rxe3 Ra8 31. Ke2 Bxe3 32. Kxe3 Ra3+ 33. Ke2 Nf6 34.
Bf3 gxf5 35. Rb2 Ra5 36. Ke3 Ne8 37. Kd4 Nd6 38. Kc5 Ra3 39. h5 Kf7 40. h6 Re3
41. a4 Rb3 42. Ra2 b4 43. Bh5+ Kf8 44. g4 c3 45. g5 Rb2 0-1

[Event "22nd European Teams"]
[Site "Batumi GEO"]
[Date "2019.11.02"]
[Round "9.8"]
[Board "3"]
[White "Pantsulaia, Levan"]
[Black "Van Foreest, Jorden"]
[Result "1-0"]
[WhiteTitle "GM"]
[BlackTitle "GM"]
[WhiteElo "2603"]
[BlackElo "2621"]
[WhiteTeam "Georgia"]
[BlackTeam "Netherlands"]
[WhiteFideId "13602071"]
[BlackFideId "1039784"]
[EventDate "2019.10.24"]

1. Nf3 d5 2. g3 g6 3. c4 dxc4 4. Na3 Be6 5. Bg2 Bg7 6. O-O Bd5 7. Qc2 Nf6 8.
Nxc4 Nc6 9. b3 Bxf3 10. Bxf3 Nd4 11. Qd3 Nxf3+ 12. Qxf3 Qd5 13. Qxd5 Nxd5 14.
Rb1 c5 15. Bb2 O-O 16. Rfc1 Rfd8 17. Kf1 h5 18. a3 Rac8 19. e3 Bxb2 20. Rxb2 Kg7
21. Ke2 b6 22. Rbc2 Rc6 23. Ne5 Re6 24. Nf3 Red6 25. d4 cxd4 26. Nxd4 Nf6 27.
Rc7 R8d7 28. b4 Ne4 29. f3 Nf6 30. R1c2 Nd5 31. Rxd7 Rxd7 32. e4 Nc7 33. Rd2 Kf8
34. Nc6 Rxd2+ 35. Kxd2 a6 36. Ne5 Ke8 37. h4 Ne6 38. Ke3 Nf8 39. Kd4 f6 40. Nc4
b5 41. Ne3 g5 42. Kc5 Nd7+ 43. Kc6 Ne5+ 44. Kb7 Nxf3 45. Kxa6 Nd4 46. Kb6 Kd7
47. Kc5 Ne2 48. g4 hxg4 49. h5 Ng3 50. h6 Nxe4+ 51. Kxb5 g3 52. h7 Nd6+ 53. Ka6
Nf7 54. b5 Kc8 55. Ka7 1-0

[Event "22nd European Teams"]
[Site "Batumi GEO"]
[Date "2019.11.02"]
[Round "9.8"]
[Board "4"]
[White "Van Foreest, Lucas"]
[Black "Paichadze, Luka"]
[Result "0-1"]
[WhiteTitle "GM"]
[BlackTitle "GM"]
[WhiteElo "2531"]
[BlackElo "2574"]
[WhiteTeam "Netherlands"]
[BlackTeam "Georgia"]
[WhiteFideId "1039792"]
[BlackFideId "13602934"]
[EventDate "2019.10.24"]

1. d4 Nf6 2. c4 e6 3. Nc3 Bb4 4. Qc2 O-O 5. e4 d6 6. e5 Nfd7 7. exd6 cxd6 8. Bd3
h6 9. Ne2 d5 10. cxd5 exd5 11. a3 Bxc3+ 12. bxc3 Nc6 13. O-O Nf6 14. Bf4 Re8 15.
Rae1 Bd7 16. Qc1 Re6 17. Ng3 Rxe1 18. Rxe1 Qf8 19. h3 Rc8 20. Bb1 b5 21. Be5 Ne8
22. Qc2 g6 23. Qc1 Nxe5 24. Rxe5 Nf6 25. Qf4 Kg7 26. Qc1 Rc6 27. Re2 b4 28. axb4
Qxb4 29. Re3 Qa5 30. Ne2 Qa1 31. Bc2 Qxc1+ 32. Nxc1 Rb6 33. Nd3 a5 34. Re1 Bf5
35. Ra1 Rc6 36. Ne5 Ra6 37. Bxf5 gxf5 38. f3 a4 39. Ra3 Ra8 40. Kf2 Ra5 41. Ke3
Ne8 42. c4 Nc7 43. c5 Nb5 44. Ra2 a3 45. Nc6 Ra4 46. Ne7 Nxd4 47. c6 f4+ 48. Kf2
Ra7 49. Nxd5 Nxc6 50. Ke2 Ra5 51. Nxf4 Nb4 52. Ra1 a2 53. Kd1 Rc5 54. Ne2 Rc2
55. Nf4 Rf2 56. Kc1 Kh7 0-1

[Event "22nd European Teams"]
[Site "Batumi GEO"]
[Date "2019.11.02"]
[Round "9.9"]
[Board "1"]
[White "Solak, Dragan"]
[Black "Gledura, Benjamin"]
[Result "1-0"]
[WhiteTitle "GM"]
[BlackTitle "GM"]
[WhiteElo "2602"]
[BlackElo "2654"]
[WhiteTeam "Turkey"]
[BlackTeam "Hungary"]
[WhiteFideId "916811"]
[BlackFideId "712779"]
[EventDate "2019.10.24"]

1. e4 e5 2. Nf3 Nc6 3. Bb5 a6 4. Bxc6 dxc6 5. O-O f6 6. d4 Bg4 7. dxe5 Qxd1 8.
Rxd1 fxe5 9. Be3 Bxf3 10. gxf3 Ne7 11. Nd2 Ng6 12. Nc4 a5 13. a4 Bb4 14. c3 Be7
15. Kf1 Rf8 16. Ke2 b6 17. Rg1 Kf7 18. Rxg6 hxg6 19. Nxe5+ Kg8 20. Nxg6 Rfe8 21.
f4 Rab8 22. Ne5 Rbd8 23. Nxc6 Rd6 24. Nd4 Rh6 25. Nf3 Bc5 26. e5 Rd8 27. Rg1 Kf7
28. f5 Rh5 29. Ng5+ Kg8 30. f6 Rd5 31. Nf3 Rh7 32. Bxc5 bxc5 33. Ke3 Kf8 34. Ke4
c6 35. Rg6 Rd1 36. Ng5 Rxh2 37. Ne6+ Kf7 38. Rxg7+ 1-0

[Event "22nd European Teams"]
[Site "Batumi GEO"]
[Date "2019.11.02"]
[Round "9.9"]
[Board "2"]
[White "Erdos, Viktor"]
[Black "Yilmaz, Mustafa"]
[Result "1/2-1/2"]
[WhiteTitle "GM"]
[BlackTitle "GM"]
[WhiteElo "2604"]
[BlackElo "2595"]
[WhiteTeam "Hungary"]
[BlackTeam "Turkey"]
[WhiteFideId "719978"]
[BlackFideId "6302718"]
[EventDate "2019.10.24"]

1. Nf3 d5 2. d4 Nf6 3. c4 e6 4. Nc3 Bb4 5. Bg5 h6 6. Bxf6 Qxf6 7. Qb3 c5 8. cxd5
exd5 9. a3 Bxc3+ 10. Qxc3 c4 11. b3 Be6 12. bxc4 dxc4 13. e4 O-O 14. Be2 Re8 15.
O-O Nc6 16. Rac1 Qf4 17. d5 Qxe4 18. dxc6 Qxe2 19. cxb7 Rab8 20. Nd4 Qd3 21.
Qxd3 cxd3 22. Nxe6 d2 23. Rc7 Rxe6 24. Rc8+ Re8 25. Rxe8+ Rxe8 26. f3 Rb8 27.
Rd1 Rxb7 28. Rxd2 Rb3 29. a4 Rb4 30. Rd8+ Kh7 31. Rd7 Rxa4 32. Rxf7 Ra2 33. h4
Kg6 34. Rb7 a5 35. Ra7 h5 36. Kh2 Kf6 37. Kh3 a4 38. Ra5 g6 39. Ra6+ Kg7 40.
Ra7+ Kg8 41. Ra6 Kg7 42. Ra7+ Kg8 43. Ra6 Kg7 1/2-1/2

[Event "22nd European Teams"]
[Site "Batumi GEO"]
[Date "2019.11.02"]
[Round "9.9"]
[Board "3"]
[White "Sanal, Vahap"]
[Black "Banusz, Tamas"]
[Result "1/2-1/2"]
[WhiteTitle "GM"]
[BlackTitle "GM"]
[WhiteElo "2545"]
[BlackElo "2619"]
[WhiteTeam "Turkey"]
[BlackTeam "Hungary"]
[WhiteFideId "6300545"]
[BlackFideId "722413"]
[EventDate "2019.10.24"]

1. e4 e5 2. Nf3 Nf6 3. Nxe5 d6 4. Nf3 Nxe4 5. Bd3 Nf6 6. O-O Be7 7. c3 O-O 8.
Bc2 Bg4 9. d4 Nbd7 10. Qd3 Re8 11. Bg5 Nf8 12. Nbd2 Nd5 13. Be3 c6 14. Bb3 Qd7
15. Bxd5 cxd5 16. Qc2 h6 17. Rfe1 Rac8 18. Qb3 Qc6 19. h3 Bh5 20. Nh2 f5 21.
Ndf1 Bf7 22. Ng3 Qd7 23. Qc2 Bg6 24. Qd1 Nh7 25. Qf3 Nf6 26. h4 Ne4 27. h5 Bh7
28. Bf4 Bg5 29. Nhf1 Qf7 30. Ne2 Re7 31. Nc1 Rce8 32. Nd3 Bxf4 33. Qxf4 Qxh5 34.
f3 g5 35. Qc1 Nf6 36. Qd2 f4 37. Nf2 Qg6 38. Rxe7 Rxe7 39. Re1 Rxe1 40. Qxe1 Qe8
41. Qd1 Qb5 42. Qd2 Kf7 43. g3 fxg3 44. Nxg3 Qa4 45. Ng4 Nxg4 46. fxg4 Qxa2 47.
Qf2+ Ke7 48. Qe1+ Kd7 49. Nf5 Kc6 50. Qe8+ Kb6 51. Qd8+ Ka6 52. Qxd6+ b6 53. Qd7
Qb1+ 54. Kh2 Qxb2+ 55. Kg1 Qc1+ 56. Kg2 Qc2+ 57. Kg1 Qd1+ 58. Kf2 Qd2+ 59. Kg1
Qd1+ 60. Kf2 Qc2+ 61. Kg1 Bxf5 62. gxf5 g4 63. Qxd5 g3 64. Qc4+ b5 65. Qc6+ Ka5
66. Qc7+ Ka4 67. Qxg3 Qxf5 68. Qc7 a5 69. Qc5 Qd3 70. d5 Kb3 71. d6 a4 72. Qb4+
Kc2 73. Kf2 h5 74. Qd4 Qxd4+ 75. cxd4 a3 76. d7 a2 77. d8=Q a1=Q 78. d5 Qd4+ 79.
Kf3 Kd3 80. d6 Qg4+ 81. Kf2 Qf4+ 82. Kg2 h4 83. Qg8 Qe4+ 84. Kg1 Qd4+ 85. Kh1
Qxd6 86. Qb3+ Kd4 87. Qxb5 Qd5+ 88. Qxd5+ Kxd5 89. Kh2 Kc4 90. Kh3 Kb5 91. Kxh4 1/2-1/2

[Event "22nd European Teams"]
[Site "Batumi GEO"]
[Date "2019.11.02"]
[Round "9.9"]
[Board "4"]
[White "Prohaszka, Peter2"]
[Black "Dastan, Muhammed Batuhan"]
[Result "1/2-1/2"]
[WhiteTitle "GM"]
[BlackTitle "GM"]
[WhiteElo "2610"]
[BlackElo "2577"]
[WhiteTeam "Hungary"]
[BlackTeam "Turkey"]
[WhiteFideId "726265"]
[BlackFideId "6300014"]
[EventDate "2019.10.24"]

1. d4 d5 2. Nf3 Nf6 3. c4 c6 4. cxd5 cxd5 5. Nc3 Nc6 6. Bf4 a6 7. Rc1 Bf5 8. e3
Rc8 9. Be2 e6 10. O-O Bd6 11. Bxd6 Qxd6 12. Na4 O-O 13. Nc5 Rc7 14. Qb3 Rb8 15.
Rc3 Bg4 16. Rfc1 h6 17. Qd1 Ne8 18. a3 Bxf3 19. Bxf3 Ne7 20. Be2 Qd8 21. h3 Nf5
22. Qb3 Nfd6 23. Bd3 Rc6 24. Qd1 Rbc8 25. R1c2 Qe7 26. Qc1 a5 27. Na4 Rxc3 28.
Rxc3 Rxc3 29. Qxc3 Qc7 30. Qc5 Nc8 31. Bb5 Qxc5 32. dxc5 Nf6 33. c6 bxc6 34.
Bxc6 Na7 35. Bb7 Ne4 36. Kf1 Kf8 37. Ba6 Ke7 38. Bd3 Nd6 39. Nc5 Nc6 40. Ke2 Ne5
41. b3 Kd8 42. e4 Kc7 43. exd5 exd5 44. Na4 Kc6 45. Ke3 Nxd3 46. Kxd3 d4 47. f4
Nb5 48. b4 Nxa3 49. bxa5 Kb5 50. Nb6 Kxa5 51. Nd7 Kb5 52. Kxd4 Nc2+ 53. Ke4 Kc6
54. Ne5+ Kd6 55. Nxf7+ Ke6 56. Ne5 Nb4 57. g4 Na6 58. Nd3 Kf6 59. h4 Nc7 60. Nb4
Ne6 61. Nd5+ Kf7 62. Ke5 Nc5 63. Kd4 Ne6+ 64. Ke4 Nc5+ 65. Ke3 Ke6 66. Nc3 Nd7
67. Ne4 Kd5 68. Kf3 Ke6 69. Ng3 Nf6 70. Nf1 Kf7 71. Ne3 Ke6 72. Nf5 Kf7 73. Nd4
Nd5 74. Nc6 Nf6 75. Ne5+ Ke6 76. Nc6 Kf7 77. Nd4 Nd5 78. g5 hxg5 79. hxg5 g6 80.
Ke4 Nb4 81. Nf3 Kg7 82. Kd4 Nc6+ 83. Kc5 Ne7 84. Nd4 Kf7 85. Kd6 Nc8+ 86. Kc6
Ne7+ 87. Kc5 Kg8 88. Kd6 Kf7 89. Nf3 Nf5+ 90. Kd7 Ne3 91. Ne5+ Kg7 92. Ke6 Ng2
93. Nd3 Ne3 94. Nc5 Nf5 95. Nb3 Ne3 96. Nd4 Kg8 97. Ne2 Kg7 98. Nc3 Nf5 99. Nb5
Ne3 100. Nc7 Nf5 101. Ne8+ Kf8 102. Nf6 Nd4+ 103. Kd5 Ne2 104. Ke5 Kf7 105. Ng4
Kg7 106. Ne3 Kf7 107. Nd5 Ng3 108. Nc3 Nf5 109. Nd1 Ke7 110. Nf2 Kf7 111. Ng4
Ng3 112. Kd5 Ne2 113. Ne5+ Kg7 114. Nd3 Kf7 115. Kd6 Nd4 116. Ne5+ Kg7 117. Nc6
Ne2 118. Nd8 Kg8 119. Ne6 Kf7 120. Kd7 Ng3 121. Nd8+ Kf8 122. Ke6 Nh5 123. Kd6
Ke8 124. Ne6 Kf7 125. Kd7 Ng3 126. Nc5 Nh5 127. Nd3 Kf8 128. Ke6 Ke8 129. f5
Ng7+ 130. Kf6 Nxf5 131. Kxg6 Ne7+ 132. Kh7 Kf7 133. Nf4 Ke8 134. Ng6 Nf5 135.
Ne5 Nh4 136. Nf3 Nxf3 137. g6 Ng5+ 138. Kh8 Ne6 139. g7 Nxg7 140. Kxg7 1/2-1/2

[Event "22nd European Teams"]
[Site "Batumi GEO"]
[Date "2019.11.02"]
[Round "9.10"]
[Board "1"]
[White "Kulaots, Kaido"]
[Black "Postny, Evgeny"]
[Result "1/2-1/2"]
[WhiteTitle "GM"]
[BlackTitle "GM"]
[WhiteElo "2542"]
[BlackElo "2597"]
[WhiteTeam "Estonia"]
[BlackTeam "Israel"]
[WhiteFideId "4500261"]
[BlackFideId "2804344"]
[EventDate "2019.10.24"]

1. e4 e5 2. Nf3 Nc6 3. Bb5 a6 4. Ba4 Nf6 5. O-O Be7 6. Re1 b5 7. Bb3 d6 8. c3
O-O 9. a4 b4 10. a5 Rb8 11. d3 Be6 12. Bxe6 fxe6 13. Nbd2 Nd7 14. d4 bxc3 15.
bxc3 exd4 16. Nxd4 Nxd4 17. cxd4 c5 18. Nf3 Qe8 19. Be3 cxd4 20. Nxd4 Nc5 21.
Qc2 Bf6 22. Rab1 Qd7 23. h3 Rfc8 24. Rxb8 Rxb8 25. Rd1 Qb7 26. f3 Qb2 27. Qxb2
Rxb2 28. Nc6 Nb7 29. Bb6 Rb5 30. Rc1 Nc5 31. Rd1 Nb7 32. Rd2 Bc3 33. Ra2 Kf7 34.
Kf2 Ke8 35. Ke2 Kd7 36. Nb8+ Kc8 37. Nc6 Kd7 38. Nb8+ Kc8 39. Rc2 Kxb8 40. Rxc3
Nc5 41. Ke3 e5 42. g3 g5 43. f4 gxf4+ 44. gxf4 Na4 45. Rc6 Rb3+ 46. Kf2 Nxb6 47.
axb6 exf4 48. Rxd6 Rxh3 49. Rd7 Re3 50. Ra7 Rxe4 51. Rxa6 Kb7 52. Ra7+ Kxb6 53.
Rxh7 Rc4 54. Kf3 Rc7 55. Rxc7 Kxc7 56. Kxf4 1/2-1/2